Najlepiej płatne zawody mundurowe w Polsce - Statystyki

Ogólne statystyki
  • Ten quiz został rozwiązany 31 razy
  • Średni wynik to 5 z 15
Statystyki odpowiedzi
Lp. Zarobek Brutto Zawód % Poprawnych
5. 5 000 - 16 000 zł Funkcjonariusz Policji
100%
3. 5 000 - 20 000 zł Strażak
88%
9. 6 000 - 10 000 zł Żołnierz Wojska Polskiego
85%
15. 5 000 - 8 500 zł Ratownik Medyczny (w Służbach)
54%
6. 6 500 - 14 000 zł Strażnik Graniczny
42%
11. 5 500 - 9 500 zł Funkcjonariusz ABW
27%
12. 5 500 - 9 500 zł Funkcjonariusz CBA
23%
13. 5 500 - 9 500 zł Funkcjonariusz Służby Celno-Skarbowej
15%
14. 5 000 - 9 000 zł Funkcjonariusz Służby Więziennej
15%
7. 6 000 - 12 000 zł Funkcjonariusz SOP
15%
1. 15 000 - 30 000 zł Pilot Wojskowy
8%
10. 5 500 - 10 000 zł Żołnierz Marynarki Wojennej
8%
2. 12 000 - 25 000 zł Żołnierz Sił Specjalnych
8%
8. 6 000 - 11 000 zł Inspektor Transportu Drogowego
4%
4. 8 000 - 18 000 zł Saper / Pirotechnik
4%
Nie znaleziono quizów pasujących do podanych kryteriów
Rozkład punktacji
Procent ludzi z każdym wynikiem
Percentyl według liczby udzielonych odpowiedzi
Twoja historia wyników
Nie rozwiązałeś tego quizu